=LDR 00000nam 2200000 4500 =001 000133 =020 $9786026587855 =082 $741.500 =100 $Anee Rahman =245 $Aku mau memaafkan =264 $Jakarta: Bee Media Pustaka 2020 =300 $24 halaman; 20 cm. =650 $Gambar =905 $741.5 ANE a =336 $$a =337 $$a =338 $$a =005 20260702151432.0 =008 260702s2026\\\\\\\\\\\\\\\\\\\\\\\\\\\\\\\\\\\\\\\\\